[Event "SUI-chT"]
[Site "Switzerland"]
[Date "2023.08.26"]
[Round "6.5"]
[White "Degtiarev, Evgeny"]
[Black "Gerber, Richard"]
[Result "1-0"]
[WhiteElo "2385"]
[BlackElo "2265"]
[PlyCount "113"]
[EventDate "2023.04.16"]
[EventType "team-tourn"]
[EventRounds "9"]
[EventCountry "SUI"]
[SourceTitle "EXT 2024"]
[Source "ChessBase"]
[SourceDate "2023.10.10"]
[SourceVersion "1"]
[SourceVersionDate "2023.10.10"]
[SourceQuality "1"]
[WhiteTeam "Reti"]
[BlackTeam "Geneve"]
[WhiteTeamCountry "SUI"]
[BlackTeamCountry "SUI"]

1. d4 f5 2. c4 Nf6 3. g3 g6 4. Bg2 Bg7 5. Nh3 d6 6. 0-0 0-0 7. Nc3 Na6 8. Rb1 c5 9. d5 Bd7 10. Nf4 Rb8 11. e4 Nc7 12. e5 Ng4 13. e6 Be8 14. Bd2 b5 15. b4 cxb4 16. Rxb4 a5 17. Rb1 bxc4 18. Nce2 Na6 19. Rxb8 Qxb8 20. Bxa5 Qb2 21. Qd2 g5 22. Qxb2 Bxb2 23. Nh3 Bh5 24. Nxg5 Ne5 25. Nf4 h6 26. Nf7 Bxf7 27. exf7+ Kxf7 28. Ne2 Ra8 29. Rb1 Nc5 30. Rxb2 Rxa5 31. Nd4 Kf6 32. f4 Ng4 33. Re2 Ra3 34. Bf1 Rd3 35. Nc2 Ne4 36. h3 Rxg3+ 37. Bg2 Ngf2 38. Rxf2 Nxf2 39. Kxf2 Rc3 40. Ne3 Ra3 41. Nxc4 Rxa2+ 42. Kg3 Rc2 43. Ne3 Rc3 44. Kf2 Ra3 45. Bf1 Ra4 46. Kf3 Ra3 47. Bb5 Rb3 48. Bd7 Ra3 49. h4 Rb3 50. Ba4 Ra3 51. Bc2 Rc3 52. Kf2 Ra3 53. Nxf5 h5 54. Ne3 Rc3 55. Bd1 Kg6 56. Ba4 Ra3 57. Be8+ 1-0

[Event "SUI-chT"]
[Site "Switzerland"]
[Date "2022.11.12"]
[Round "8.8"]
[White "Gerber, Richard"]
[Black "Haag, Gregor"]
[Result "1/2-1/2"]
[WhiteElo "2276"]
[BlackElo "2371"]
[PlyCount "63"]
[EventDate "2022.05.01"]
[EventType "team-tourn"]
[EventRounds "9"]
[EventCountry "SUI"]
[SourceTitle "EXT 2024"]
[Source "ChessBase"]
[SourceDate "2023.10.10"]
[SourceVersion "1"]
[SourceVersionDate "2023.10.10"]
[SourceQuality "1"]
[WhiteTeam "Geneve"]
[BlackTeam "Riehen"]
[WhiteTeamCountry "SUI"]
[BlackTeamCountry "SUI"]

1. d4 Nf6 2. Nf3 g6 3. Nc3 d5 4. Bf4 Bg7 5. e3 0-0 6. Be2 c5 7. Ne5 Nc6 8. 0-0 cxd4 9. exd4 Qb6 10. Nxc6 bxc6 11. Na4 Qa5 12. Nc5 Nd7 13. Nb3 Qb6 14. Qd2 a5 15. a4 c5 16. dxc5 Nxc5 17. Qe3 e5 18. Qxc5 Qxc5 19. Nxc5 exf4 20. Rad1 Bxb2 21. Rxd5 Ba3 22. Nd7 Bxd7 23. Rxd7 Rac8 24. c4 Rfd8 25. Rfd1 Rxd7 26. Rxd7 Rb8 27. g3 Rb2 28. Kf1 fxg3 29. hxg3 Rc2 30. Rd5 Bb4 31. Rb5 h5 32. f4 1/2-1/2

[Event "SUI-chT"]
[Site "Switzerland"]
[Date "2021.10.10"]
[Round "3.6"]
[White "Gerber, Richard"]
[Black "Tezayak, Matthias"]
[Result "1/2-1/2"]
[WhiteElo "2309"]
[BlackElo "1950"]
[PlyCount "86"]
[EventDate "2021.08.29"]
[EventType "team-tourn"]
[EventRounds "9"]
[EventCountry "SUI"]
[SourceTitle "EXT 2023"]
[Source "ChessBase"]
[SourceDate "2022.10.05"]
[SourceVersion "1"]
[SourceVersionDate "2022.10.05"]
[SourceQuality "1"]
[WhiteTeam "Geneve"]
[BlackTeam "Bodan"]
[WhiteTeamCountry "SUI"]
[BlackTeamCountry "SUI"]

1. d4 d5 2. c4 e6 3. Nc3 c6 4. e4 dxe4 5. Nxe4 Bb4+ 6. Nc3 c5 7. Nf3 Nf6 8. Be3 Nc6 9. a3 Bxc3+ 10. bxc3 Qa5 11. Bd2 0-0 12. Bd3 e5 13. Nxe5 Re8 14. 0-0 Nxe5 15. dxe5 Rxe5 16. Qf3 Bg4 17. Qxb7 Rae8 18. Bf4 R5e7 19. Qb3 h6 20. h3 Be2 21. Bxe2 Rxe2 22. Qb5 Qxc3 23. Qxc5 Ne4 24. Qb4 Qf6 25. Be3 Nxf2 26. Bxf2 Rxf2 27. Rxf2 Qxa1+ 28. Rf1 Qd4+ 29. Kh1 Re4 30. Qb8+ Kh7 31. Qc7 Qxc4 32. Qxf7 Qxf7 33. Rxf7 a5 34. Rf3 g5 35. Kg1 Kg6 36. Kf2 h5 37. Rc3 Kf5 38. Rc5+ Re5 39. Rc4 Rb5 40. Ra4 Ke5 41. h4 g4 42. Ke3 Rb3+ 43. Ke2 Rb2+ 1/2-1/2

[Event "Francophonie-ch 7th"]
[Site "Paris"]
[Date "2019.08.08"]
[Round "5"]
[White "Gerber, Richard"]
[Black "Shchekachev, Andrei"]
[Result "1/2-1/2"]
[WhiteElo "2305"]
[BlackElo "2530"]
[PlyCount "83"]
[EventDate "2019.08.04"]
[EventType "swiss"]
[EventRounds "9"]
[EventCountry "FRA"]
[SourceTitle "CBM 191 Extra"]
[Source "ChessBase"]
[SourceDate "2019.09.30"]
[SourceVersion "1"]
[SourceVersionDate "2019.09.30"]
[SourceQuality "1"]

1. Nf3 d6 2. d4 g6 3. e4 Nf6 4. Nc3 Bg7 5. Be3 Nc6 6. Be2 0-0 7. 0-0 a6 8. d5 Na7 9. a4 e6 10. Nd2 exd5 11. exd5 Re8 12. Bf3 Rxe3 13. fxe3 Bd7 14. Qe2 Qe7 15. Rae1 h5 16. Qc4 Ne8 17. Qe4 Qd8 18. Be2 Nc8 19. Bd3 Nf6 20. Qf4 Be8 21. Qh4 Nb6 22. e4 Nbd7 23. Nf3 Nc5 24. h3 Nfd7 25. Qxd8 Rxd8 26. a5 Ne5 27. Nxe5 Bxe5 28. Kf2 h4 29. Ke3 Kg7 30. Nd1 Bd7 31. b4 Na4 32. Kd2 Rb8 33. Rf3 b6 34. Ref1 f6 35. axb6 cxb6 36. Be2 a5 37. Rb3 axb4 38. Rxb4 Nc5 39. Rf3 g5 40. Nf2 Bf4+ 41. Rxf4 gxf4 42. Nd3 1/2-1/2

[Event "SUI-chT"]
[Site "Switzerland"]
[Date "2019.05.04"]
[Round "3.6"]
[White "Gerber, Richard"]
[Black "Muheim, Sebastian"]
[Result "1-0"]
[WhiteElo "2306"]
[BlackElo "2149"]
[PlyCount "91"]
[EventDate "2019.03.10"]
[EventType "team-tourn"]
[EventRounds "9"]
[EventCountry "SUI"]
[SourceTitle "CBM 190 Extra"]
[Source "ChessBase"]
[SourceDate "2019.07.15"]
[SourceVersion "1"]
[SourceVersionDate "2019.07.15"]
[SourceQuality "1"]
[WhiteTeam "Geneve"]
[BlackTeam "Solothurn"]
[WhiteTeamCountry "SUI"]
[BlackTeamCountry "SUI"]

1. d4 Nf6 2. c4 e6 3. g3 d5 4. Bg2 c6 5. Qc2 Nbd7 6. Nf3 Be7 7. 0-0 Ne4 8. b3 0-0 9. Ba3 Bxa3 10. Nxa3 f5 11. e3 g5 12. Nb1 g4 13. Ne1 Qg5 14. Nd3 Rf6 15. Nd2 Rh6 16. Nf4 Ndf6 17. f3 gxf3 18. Nxf3 Qg7 19. Ne5 Ng4 20. Nxg4 Qxg4 21. Nd3 Ng5 22. Ne5 Qh5 23. h4 Ne4 24. Bf3 Qe8 25. Bxe4 dxe4 26. Qf2 Qh5 27. Qf4 b6 28. Kg2 Bb7 29. g4 fxg4 30. Qf7+ Qxf7 31. Rxf7 Ba6 32. Kg3 b5 33. Raf1 bxc4 34. bxc4 Rh5 35. Kxg4 Rf5 36. R7xf5 exf5+ 37. Kg5 Rb8 38. Kf6 Rb2 39. Rg1+ Kf8 40. Rg7 Rb7 41. Rxb7 Bxb7 42. Kxf5 Ke7 43. Kxe4 a5 44. c5 Kf6 45. a4 Ke6 46. Nc4 1-0

[Event "SUI-chT"]
[Site "Switzerland"]
[Date "2018.09.09"]
[Round "7.7"]
[White "Mutschnik, Illya"]
[Black "Gerber, Richard"]
[Result "1/2-1/2"]
[WhiteElo "2424"]
[BlackElo "2333"]
[PlyCount "66"]
[EventDate "2018.03.25"]
[EventType "team-tourn"]
[EventRounds "9"]
[EventCountry "SUI"]
[SourceTitle "EXT 2019"]
[Source "ChessBase"]
[SourceDate "2018.10.10"]
[SourceVersion "1"]
[SourceVersionDate "2018.10.10"]
[SourceQuality "1"]
[WhiteTeam "Zuerich"]
[BlackTeam "Geneve"]
[WhiteTeamCountry "SUI"]
[BlackTeamCountry "SUI"]

1. e4 c5 2. Nf3 d6 3. d4 cxd4 4. Nxd4 Nf6 5. Nc3 g6 6. Be3 Bg7 7. Qd2 Nc6 8. f3 0-0 9. 0-0-0 d5 10. exd5 Nxd5 11. Nxc6 bxc6 12. Nxd5 cxd5 13. Bh6 Bxh6 14. Qxh6 Qa5 15. Kb1 Rb8 16. h4 f6 17. Bd3 Rf7 18. h5 g5 19. Bxh7+ Rxh7 20. Qg6+ Rg7 21. Qe8+ Kh7 22. h6 Rxb2+ 23. Kxb2 Qb4+ 24. Kc1 Qa3+ 25. Kd2 Qb4+ 26. Ke3 Qc5+ 27. Rd4 Qc3+ 28. Rd3 d4+ 29. Kf2 Qxc2+ 30. Kg3 Qc7+ 31. Kf2 Qc2+ 32. Kg3 Qc7+ 33. Kf2 Qc2+ 1/2-1/2

[Event "SUI-chT"]
[Site "Switzerland"]
[Date "2018.06.10"]
[Round "4.8"]
[White "Gerber, Richard"]
[Black "Vianin, Pascal"]
[Result "1/2-1/2"]
[WhiteElo "2333"]
[BlackElo "2196"]
[PlyCount "98"]
[EventDate "2018.03.25"]
[EventType "team-tourn"]
[EventRounds "9"]
[EventCountry "SUI"]
[SourceTitle "EXT 2019"]
[Source "ChessBase"]
[SourceDate "2018.10.10"]
[SourceVersion "1"]
[SourceVersionDate "2018.10.10"]
[SourceQuality "1"]
[WhiteTeam "Geneve"]
[BlackTeam "Echallens"]
[WhiteTeamCountry "SUI"]
[BlackTeamCountry "SUI"]

1. d4 Nf6 2. c4 Nc6 3. Nf3 e6 4. Nc3 Bb4 5. Bg5 h6 6. Bd2 0-0 7. Qc2 Qe7 8. a3 Bxc3 9. Bxc3 d6 10. e3 e5 11. d5 Nb8 12. Be2 a5 13. 0-0 a4 14. Rae1 Nbd7 15. Nd2 Nc5 16. f4 Nfd7 17. Bg4 e4 18. Bf5 Re8 19. h3 Nb6 20. Bxc8 Raxc8 21. Re2 c6 22. dxc6 Rxc6 23. g4 Nd3 24. g5 hxg5 25. Rg2 Nxc4 26. Nxc4 Rxc4 27. Rxg5 f6 28. Rg6 Rf8 29. Qg2 Rf7 30. Kh2 d5 31. Rg1 d4 32. Bxd4 Rxd4 33. Rh6 Nxf4 34. exf4 Qd6 35. Qg4 e3 36. Rh4 Rd2+ 37. Kg3 e2 38. Qc8+ Rf8 39. Qxb7 Rd3+ 40. Kh2 Qd7 41. Qxd7 Rxd7 42. Re1 Re8 43. Kg2 Rd2 44. f5 Rxb2 45. Rxa4 Re3 46. Rb4 Ra2 47. a4 Raa3 48. Rg4 Kf7 49. h4 Ra2 1/2-1/2

[Event "SUI-ch 117th"]
[Site "Graechen"]
[Date "2017.07.20"]
[Round "8"]
[White "Georgescu, Lena"]
[Black "Gerber, Richard"]
[Result "1-0"]
[WhiteElo "2239"]
[BlackElo "2312"]
[PlyCount "97"]
[EventDate "2017.07.13"]
[EventType "swiss"]
[EventRounds "9"]
[EventCountry "SUI"]
[SourceTitle "EXT 2019"]
[Source "ChessBase"]
[SourceDate "2018.10.10"]
[SourceVersion "1"]
[SourceVersionDate "2018.10.10"]
[SourceQuality "1"]

1. e4 g6 2. d4 Bg7 3. Nc3 a6 4. g3 d6 5. Bg2 Nf6 6. Nge2 0-0 7. 0-0 Nc6 8. h3 Bd7 9. Be3 e5 10. Re1 Rb8 11. a4 exd4 12. Nxd4 Re8 13. Kh2 Na5 14. Qd3 c5 15. Nde2 Bc6 16. Bf4 Re6 17. Rad1 Qe8 18. f3 b5 19. axb5 Bxb5 20. Nxb5 axb5 21. b3 Nc6 22. Nc3 Nd4 23. Be3 Nd7 24. Bxd4 cxd4 25. Ne2 Nc5 26. Qd2 d3 27. Nf4 dxc2 28. Qxc2 Re7 29. Rxd6 Rc8 30. Nd5 Ra7 31. f4 Ne6 32. Qd3 Ra2 33. Re2 Nc5 34. Qf3 Rxe2 35. Qxe2 Nxb3 36. e5 Nd4 37. Qb2 Nf5 38. Rb6 Rc5 39. g4 Nh4 40. Qf2 Nxg2 41. Qxc5 Nxf4 42. Ne7+ Kh8 43. Rc6 Bf8 44. Rc8 Qd7 45. Rxf8+ Kg7 46. Rg8+ Kh6 47. Qd6 Qb7 48. Nf5+ Kg5 49. Qf6# 1-0

[Event "SUI-ch 117th"]
[Site "Graechen"]
[Date "2017.07.17"]
[Round "5"]
[White "Gerber, Richard"]
[Black "Potterat, Marc"]
[Result "1-0"]
[WhiteElo "2312"]
[BlackElo "2128"]
[PlyCount "57"]
[EventDate "2017.07.13"]
[EventType "swiss"]
[EventRounds "9"]
[EventCountry "SUI"]
[SourceTitle "EXT 2019"]
[Source "ChessBase"]
[SourceDate "2018.10.10"]
[SourceVersion "1"]
[SourceVersionDate "2018.10.10"]
[SourceQuality "1"]

1. Nf3 d5 2. g3 Nf6 3. Bg2 c6 4. d3 g6 5. 0-0 Bg7 6. Nbd2 0-0 7. e4 dxe4 8. dxe4 Qa5 9. e5 Ng4 10. Nc4 Qa6 11. Qe2 Be6 12. b3 Nd7 13. Bf4 Nb6 14. Nfd2 Nxc4 15. Nxc4 Rae8 16. Rfe1 f6 17. exf6 Rxf6 18. Bg5 Bxc4 19. bxc4 Rf7 20. Qxg4 Bxa1 21. Rxa1 Qb6 22. Be3 Qb2 23. Bd4 Qb4 24. Bf1 e5 25. Be3 Qb2 26. Rd1 Qxa2 27. c5 e4 28. Rd4 Qa1 29. Kg2 1-0

[Event "SUI-ch 117th"]
[Site "Graechen"]
[Date "2017.07.14"]
[Round "2"]
[White "De Seroux, Camille"]
[Black "Gerber, Richard"]
[Result "1/2-1/2"]
[WhiteElo "2095"]
[BlackElo "2312"]
[PlyCount "153"]
[EventDate "2017.07.13"]
[EventType "swiss"]
[EventRounds "9"]
[EventCountry "SUI"]
[SourceTitle "EXT 2019"]
[Source "ChessBase"]
[SourceDate "2018.10.10"]
[SourceVersion "1"]
[SourceVersionDate "2018.10.10"]
[SourceQuality "1"]

1. e4 c5 2. Nf3 d6 3. d4 cxd4 4. Qxd4 Bd7 5. Be2 Nc6 6. Qe3 Nf6 7. h3 e6 8. c4 Qc7 9. 0-0 Be7 10. Rd1 0-0 11. Nc3 Ne5 12. b3 a6 13. Bb2 Rfd8 14. Rac1 Nxf3+ 15. Bxf3 Ne8 16. Be2 h6 17. Qg3 Qc5 18. Kh1 Qg5 19. Qxg5 hxg5 20. Bf3 Bc6 21. Rd3 Bf6 22. Nd1 Bxb2 23. Nxb2 Nf6 24. Re3 Nd7 25. Nd3 Kf8 26. Be2 Ke7 27. f3 a5 28. c5 dxc5 29. Nxc5 Ne5 30. Rc2 Rd4 31. Rec3 Rad8 32. a3 g6 33. Kg1 f5 34. exf5 gxf5 35. Kf2 Kf6 36. Bc4 Rd2+ 37. Ke1 Rd1+ 38. Ke2 Nxc4 39. bxc4 Rg1 40. Kf2 Rgd1 41. Re2 R1d2 42. Rb3 Rxe2+ 43. Kxe2 Rd4 44. Nxb7 Bxb7 45. Rxb7 Rxc4 46. Rb5 Ra4 47. Rb3 f4 48. Kd3 e5 49. Rc3 Rd4+ 50. Ke2 Ke6 51. Rc5 Ra4 52. Rc3 Kd5 53. Kd3 Rd4+ 54. Ke2 Rc4 55. Rd3+ Kc5 56. Rd8 Rc2+ 57. Kd3 Rxg2 58. Ke4 Re2+ 59. Kf5 e4 60. fxe4 f3 61. Kg4 f2 62. Rd5+ Kc4 63. Rf5 Kd4 64. Kg3 Kxe4 65. Rxf2 Re3+ 66. Kg4 Rxa3 67. Kxg5 Rg3+ 68. Kh4 Rg8 69. Ra2 Ra8 70. Kg5 Kd3 71. h4 Kc3 72. h5 Kb3 73. Rh2 a4 74. h6 a3 75. h7 a2 76. Rxa2 Kxa2 77. Kg6 1/2-1/2

[Event "EU-Cup 32nd"]
[Site "Novi Sad"]
[Date "2016.11.10"]
[Round "5.4"]
[White "Gerber, Richard"]
[Black "Scott, Luke"]
[Result "1-0"]
[WhiteElo "2326"]
[BlackElo "2016"]
[PlyCount "49"]
[EventDate "2016.11.06"]
[EventType "team-swiss"]
[EventRounds "7"]
[EventCountry "SRB"]
[SourceTitle "CBM 176"]
[Source "ChessBase"]
[SourceDate "2017.01.17"]
[SourceVersion "1"]
[SourceVersionDate "2017.01.17"]
[SourceQuality "1"]
[WhiteTeam "Geneve"]
[BlackTeam "Dublin Trinity College"]
[WhiteTeamCountry "SUI"]
[BlackTeamCountry "IRL"]

1. d4 d5 2. c4 c6 3. Nc3 Nf6 4. Nf3 e6 5. Bg5 h6 6. Bxf6 Qxf6 7. Qb3 dxc4 8. Qxc4 b5 9. Nxb5 cxb5 10. Qxc8+ Qd8 11. Qxd8+ Kxd8 12. e4 Bb4+ 13. Ke2 Ke7 14. Ke3 a6 15. a4 bxa4 16. Ne5 Rc8 17. Rxa4 a5 18. Bb5 f6 19. Nd3 Nd7 20. Bxd7 Kxd7 21. Rha1 Rab8 22. Nxb4 axb4 23. Ra7+ Rc7 24. Rxc7+ Kxc7 25. Ra7+ 1-0

[Event "EU-Cup 32nd"]
[Site "Novi Sad"]
[Date "2016.11.09"]
[Round "4.3"]
[White "Gerber, Richard"]
[Black "Lambrechts, Koen"]
[Result "1/2-1/2"]
[WhiteElo "2326"]
[BlackElo "2284"]
[PlyCount "57"]
[EventDate "2016.11.06"]
[EventType "team-swiss"]
[EventRounds "7"]
[EventCountry "SRB"]
[SourceTitle "CBM 176"]
[Source "ChessBase"]
[SourceDate "2017.01.17"]
[SourceVersion "1"]
[SourceVersionDate "2017.01.17"]
[SourceQuality "1"]
[WhiteTeam "Geneve"]
[BlackTeam "JSV SISSA"]
[WhiteTeamCountry "SUI"]
[BlackTeamCountry "NED"]

1. d4 e6 2. Nf3 b5 3. e4 Bb7 4. Bxb5 Bxe4 5. c4 Nf6 6. Nc3 Bb7 7. 0-0 Be7 8. Re1 0-0 9. d5 c6 10. d6 cxb5 11. Nxb5 Na6 12. Bf4 Ne8 13. dxe7 Qxe7 14. Re3 Qc5 15. Qxd7 Bxf3 16. Rxf3 Qxc4 17. Qb7 Qc8 18. Qxc8 Rxc8 19. Ra3 Nb4 20. Rxa7 Nd3 21. Bd2 Rc2 22. Bc3 Nf6 23. Bd4 Rxf2 24. Rd1 Nxb2 25. Rb1 Nd3 26. Rd1 Nb2 27. Rb1 Nd3 28. Rd1 Nb2 29. Rb1 1/2-1/2

[Event "EU-Cup 32nd"]
[Site "Novi Sad"]
[Date "2016.11.06"]
[Round "1.4"]
[White "Wang, Hao"]
[Black "Gerber, Richard"]
[Result "1-0"]
[WhiteElo "2680"]
[BlackElo "2326"]
[PlyCount "47"]
[EventDate "2016.11.06"]
[EventType "team-swiss"]
[EventRounds "7"]
[EventCountry "SRB"]
[SourceTitle "CBM 176"]
[Source "ChessBase"]
[SourceDate "2017.01.17"]
[SourceVersion "1"]
[SourceVersionDate "2017.01.17"]
[SourceQuality "1"]
[WhiteTeam "Novy Bor"]
[BlackTeam "Geneve"]
[WhiteTeamCountry "CZE"]
[BlackTeamCountry "SUI"]

1. e4 c5 2. Nf3 d6 3. d4 cxd4 4. Nxd4 Nf6 5. Nc3 g6 6. Be3 Bg7 7. f3 Nc6 8. Qd2 0-0 9. 0-0-0 Nxd4 10. Bxd4 Be6 11. Kb1 Qc7 12. h4 Rfc8 13. h5 Qa5 14. hxg6 hxg6 15. a3 Rab8 16. Bd3 b5 17. Qg5 Qc7 18. e5 dxe5 19. Bxe5 Qc5 20. f4 Rb7 21. Bxg6 b4 22. Rh7 bxc3 23. Bxf7+ Kxh7 24. Rh1+ 1-0

[Event "SUI-chT"]
[Site "Switzerland"]
[Date "2016.08.27"]
[Round "6.8"]
[White "Gerber, Richard"]
[Black "Berchtold, Christian"]
[Result "1-0"]
[WhiteElo "2347"]
[BlackElo "2070"]
[PlyCount "133"]
[EventDate "2016.03.20"]
[EventType "team-tourn"]
[EventRounds "9"]
[EventCountry "SUI"]
[SourceTitle "EXT 2017"]
[Source "ChessBase"]
[SourceDate "2016.10.25"]
[SourceVersion "1"]
[SourceVersionDate "2016.10.25"]
[SourceQuality "1"]
[WhiteTeam "Geneve"]
[BlackTeam "Solothurn"]
[WhiteTeamCountry "SUI"]
[BlackTeamCountry "SUI"]

1. Nf3 d5 2. b3 Nf6 3. Bb2 e6 4. e3 Nbd7 5. c4 Be7 6. Qc2 0-0 7. Nc3 c5 8. Be2 b6 9. g4 Bb7 10. g5 Ne4 11. cxd5 Nxg5 12. Rg1 exd5 13. Qf5 Nxf3+ 14. Bxf3 Bf6 15. 0-0-0 g6 16. Bxd5 Bxd5 17. Nxd5 Bxb2+ 18. Kxb2 Kh8 19. Qf4 Rc8 20. h4 Rc6 21. d4 Nf6 22. dxc5 Nxd5 23. Qe5+ Qf6 24. Rxd5 Qxe5+ 25. Rxe5 bxc5 26. Rc1 Rfc8 27. Re7 Rf6 28. Rc2 a6 29. Re5 Rfc6 30. Rc4 Kg7 31. Kc3 R8c7 32. Rd5 Kf6 33. Ra4 Ke6 34. Kc4 Rd7 35. Rxc5 Rcd6 36. Rca5 Rc7+ 37. Rc5 Rcd7 38. Kc3 f5 39. Rd4 Rxd4 40. exd4 Rd6 41. b4 h6 42. f4 Kd7 43. h5 gxh5 44. Rxf5 Rc6+ 45. Kd3 Rb6 46. a3 Rg6 47. Rxh5 Rg3+ 48. Ke4 Rxa3 49. Rxh6 a5 50. bxa5 Rxa5 51. f5 Ke7 52. Re6+ Kf7 53. d5 Ra1 54. d6 Ra4+ 55. Ke5 Ra5+ 56. Kf4 Ra1 57. Ke4 Ra4+ 58. Kd5 Ra5+ 59. Kc6 Rxf5 60. Re7+ Kf8 61. Re4 Rf1 62. d7 Rc1+ 63. Kd6 Rd1+ 64. Ke6 Rd2 65. Re5 Rd1 66. Rf5+ Kg7 67. Rd5 1-0

[Event "SUI-chT"]
[Site "Switzerland"]
[Date "2016.06.12"]
[Round "5.8"]
[White "Gerber, Richard"]
[Black "Wagner, Christian"]
[Result "1/2-1/2"]
[WhiteElo "2347"]
[BlackElo "2249"]
[PlyCount "64"]
[EventDate "2016.03.20"]
[EventType "team-tourn"]
[EventRounds "9"]
[EventCountry "SUI"]
[SourceTitle "EXT 2017"]
[Source "ChessBase"]
[SourceDate "2016.10.25"]
[SourceVersion "1"]
[SourceVersionDate "2016.10.25"]
[SourceQuality "1"]
[WhiteTeam "Geneve"]
[BlackTeam "Reti"]
[WhiteTeamCountry "SUI"]
[BlackTeamCountry "SUI"]

1. d4 c5 2. d5 Nf6 3. Nc3 g6 4. e4 d6 5. Bb5+ Bd7 6. a4 Bg7 7. Nf3 0-0 8. h3 Bxb5 9. axb5 Nbd7 10. 0-0 Ne8 11. Bf4 Nc7 12. Qe2 Nb6 13. Rad1 Qd7 14. e5 c4 15. Rd4 Nxb5 16. Nxb5 Qxb5 17. Qd2 dxe5 18. Bxe5 Bxe5 19. Nxe5 f6 20. Ng4 Rad8 21. Rd1 Rd6 22. c3 Rfd8 23. Ne3 Qe8 24. Nxc4 Rxd5 25. Nxb6 Rxd4 26. cxd4 axb6 27. Qe3 Rd6 28. Re1 Kf7 29. Qh6 Kg8 30. Re4 Qf7 31. Qe3 e6 32. h4 Qd7 1/2-1/2

[Event "SUI-chT"]
[Site "Switzerland"]
[Date "2016.05.22"]
[Round "3.6"]
[White "Gerber, Richard"]
[Black "Vianin, Pascal"]
[Result "1-0"]
[WhiteElo "2347"]
[BlackElo "2210"]
[PlyCount "63"]
[EventDate "2016.03.20"]
[EventType "team-tourn"]
[EventRounds "9"]
[EventCountry "SUI"]
[SourceTitle "EXT 2017"]
[Source "ChessBase"]
[SourceDate "2016.10.25"]
[SourceVersion "1"]
[SourceVersionDate "2016.10.25"]
[SourceQuality "1"]
[WhiteTeam "Geneve"]
[BlackTeam "Echallens"]
[WhiteTeamCountry "SUI"]
[BlackTeamCountry "SUI"]

1. d4 Nf6 2. Nf3 e6 3. e3 b6 4. Bd3 Bb7 5. 0-0 Be7 6. c4 Ne4 7. Qc2 f5 8. Nbd2 Nxd2 9. Bxd2 0-0 10. e4 g6 11. Rfe1 Nc6 12. a3 Bf6 13. Bc3 Ne7 14. Rad1 d5 15. exd5 exd5 16. c5 a5 17. Bd2 Nc6 18. Bh6 Rf7 19. Bb5 bxc5 20. Qxc5 Qd6 21. Qxd6 cxd6 22. Re6 Bg7 23. Bxg7 Kxg7 24. Rxd6 Rc8 25. Ng5 Re7 26. Ne6+ Kg8 27. h4 Rce8 28. Ng5 Rc7 29. Rc1 h6 30. Ne6 Rce7 31. Bxc6 Rxe6 32. Rxe6 1-0

[Event "SUI-chT"]
[Site "Switzerland"]
[Date "2016.04.17"]
[Round "2.7"]
[White "Pluess, Peter"]
[Black "Gerber, Richard"]
[Result "1/2-1/2"]
[WhiteElo "2201"]
[BlackElo "2347"]
[PlyCount "110"]
[EventDate "2016.03.20"]
[EventType "team-tourn"]
[EventRounds "9"]
[EventCountry "SUI"]
[SourceTitle "EXT 2017"]
[Source "ChessBase"]
[SourceDate "2016.10.25"]
[SourceVersion "1"]
[SourceVersionDate "2016.10.25"]
[SourceQuality "1"]
[WhiteTeam "Bodan"]
[BlackTeam "Geneve"]
[WhiteTeamCountry "SUI"]
[BlackTeamCountry "SUI"]

1. d4 Nf6 2. g3 g6 3. Bg2 Bg7 4. e4 d6 5. Ne2 0-0 6. h3 e5 7. c3 Qe7 8. Nd2 Nbd7 9. 0-0 b6 10. Re1 Bb7 11. d5 Nc5 12. Qc2 c6 13. b4 Ncd7 14. c4 Rac8 15. Qa4 a6 16. Qb3 b5 17. dxc6 Bxc6 18. Nc3 h5 19. cxb5 axb5 20. Bf1 Rb8 21. Ndb1 Rb7 22. Nd5 Qd8 23. Nbc3 h4 24. g4 Nh7 25. Qd1 Ng5 26. Bg2 Ne6 27. Be3 Nd4 28. Rc1 Re8 29. Ne2 Bxd5 30. exd5 Nb6 31. Bxd4 exd4 32. Qd3 Nc4 33. Nxd4 Ne5 34. Qd1 Bh6 35. Rc2 Qb6 36. Nc6 Bf4 37. Kh1 Ra8 38. Re4 g5 39. Nxe5 Bxe5 40. Qd2 Bf4 41. Qe2 Qd8 42. Bf3 Kg7 43. Kg2 Qf6 44. Qd3 Be5 45. Be2 Rba7 46. Qf3 Rxa2 47. Qxf6+ Kxf6 48. Rxa2 Rxa2 49. Bxb5 Rb2 50. Be2 Ke7 51. b5 Kd7 52. Bc4 Bg3 53. Re2 Rxe2 54. Bxe2 Be5 55. b6 Kc8 1/2-1/2

[Event "SUI-chT"]
[Site "Switzerland"]
[Date "2015.10.10"]
[Round "8.7"]
[White "Brunner, Nicolas"]
[Black "Gerber, Richard"]
[Result "1-0"]
[WhiteElo "2424"]
[BlackElo "2362"]
[PlyCount "61"]
[EventDate "2015.03.29"]
[EventType "team-tourn"]
[EventRounds "9"]
[EventCountry "SUI"]
[SourceTitle "EXT 2017"]
[Source "ChessBase"]
[SourceDate "2016.10.25"]
[SourceVersion "1"]
[SourceVersionDate "2016.10.25"]
[SourceQuality "1"]
[WhiteTeam "Riehen"]
[BlackTeam "Geneve"]
[WhiteTeamCountry "SUI"]
[BlackTeamCountry "SUI"]

1. d4 Nf6 2. c4 g6 3. Nc3 Bg7 4. e4 d6 5. Nf3 0-0 6. Be2 e5 7. 0-0 exd4 8. Nxd4 Re8 9. f3 Nc6 10. Be3 Nh5 11. Nc2 f5 12. Qd2 Ne5 13. Bg5 Nf6 14. exf5 Bxf5 15. Nd4 Bd7 16. Rae1 Nf7 17. Be3 a6 18. a3 Rb8 19. b4 c5 20. Nb3 b6 21. Bf2 Be6 22. Rd1 b5 23. Na5 cxb4 24. axb4 Qd7 25. cxb5 axb5 26. Bd4 h5 27. Rfe1 Kh7 28. Qb2 Bf5 29. Bxb5 Rxe1+ 30. Rxe1 Qd8 31. Nc6 1-0

[Event "SUI-chT"]
[Site "Switzerland"]
[Date "2015.09.05"]
[Round "6.8"]
[White "Regez, Markus"]
[Black "Gerber, Richard"]
[Result "0-1"]
[WhiteElo "2203"]
[BlackElo "2362"]
[PlyCount "74"]
[EventDate "2015.03.29"]
[EventType "team-tourn"]
[EventRounds "9"]
[EventCountry "SUI"]
[SourceTitle "EXT 2016"]
[Source "ChessBase"]
[SourceDate "2015.10.08"]
[SourceVersion "1"]
[SourceVersionDate "2015.10.08"]
[SourceQuality "1"]
[WhiteTeam "Bern Schwarz Weiss"]
[BlackTeam "Geneve"]
[WhiteTeamCountry "SUI"]
[BlackTeamCountry "SUI"]

1. e4 c5 2. Nf3 d6 3. d4 cxd4 4. Nxd4 Nf6 5. Nc3 g6 6. Be3 Bg7 7. f3 Nc6 8. Qd2 0-0 9. Bc4 Bd7 10. 0-0-0 Rc8 11. Bb3 Nxd4 12. Bxd4 b5 13. Nd5 Nxd5 14. Bxg7 Kxg7 15. Bxd5 Qb6 16. h4 h5 17. g4 Rh8 18. Qf4 f6 19. g5 Rhf8 20. Rhg1 Qf2 21. Bb3 Be6 22. Rdf1 Qc5 23. Qd2 Bxb3 24. axb3 f5 25. exf5 Rxf5 26. Rg2 Rd5 27. Qe2 Re5 28. Qd2 Rc7 29. f4 Re3 30. Kb1 Re4 31. Rgf2 Qf5 32. Qa5 Qc5 33. f5 gxf5 34. Rxf5 Qxc2+ 35. Ka2 Re2 36. Rf7+ Kg6 37. Qa3 b4 0-1